000 00737cam a22002292 4500
001 0000019827
005 20151021151135.0
008 110214s xx 000 0 eng d
020 _a9966744630 :
040 _aKABU
_cKABU
100 1 _aWambugu, Anthony.
_@0000179805
245 1 0 _aGrowth, poverty and income inequality in Kenya :
_bsuggested policy options /
_cAnthony Wambugu, Boaz Munga, Eldah Onsomu.
250 _a1st ed.
260 _aNairobi :
_bNESC,
_c2010.
300 _axi, 50 p.
651 0 _aKenya
_xEconomic policy.
_@0000150198
700 1 _aMunga, Boaz.
_@0000179806
700 1 _aOnsomu, Eldah.
_@0000160735
908 _a110214
950 _@1
999 _c1120
_d1120